Handbook of international and intercultural communication / (Record no. 57589)
[ view plain ]
| 000 -LEADER | |
|---|---|
| fixed length control field | 00875nam a2200277 a 4500 |
| 001 - CONTROL NUMBER | |
| control field | 57589 |
| 003 - CONTROL NUMBER IDENTIFIER | |
| rucl marc code | BD-RJUL |
| 005 - DATE AND TIME OF LATEST TRANSACTION | |
| control field | 20211209080531.0 |
| 008 - FIXED-LENGTH DATA ELEMENTS--GENERAL INFORMATION | |
| fixed length control field | 161210s2002 cau b 001 0 eng |
| 020 ## - INTERNATIONAL STANDARD BOOK NUMBER | |
| International Standard Book Number | 0761920900 |
| 035 ## - SYSTEM CONTROL NUMBER | |
| System control number | BD-RJUL 57713 |
| System control number | (OCoLC)46385905 |
| 040 ## - CATALOGING SOURCE | |
| Original cataloging agency | DLC |
| Transcribing agency | DLC |
| Modifying agency | DLC |
| Language of cataloging | eng |
| 041 ## - LANGUAGE CODE | |
| Language code of text/sound track or separate title | eng |
| 082 00 - DEWEY DECIMAL CLASSIFICATION NUMBER | |
| Edition number | 23 |
| Classification number | 302.2 |
| Author mark and year | HAN 2002 |
| 245 00 - TITLE STATEMENT | |
| Title | Handbook of international and intercultural communication / |
| Statement of responsibility, etc. | editors, William B. Gudykunst and Bella Mody. |
| 250 ## - EDITION STATEMENT | |
| Edition statement | 2nd ed. |
| 260 ## - PUBLICATION, DISTRIBUTION, ETC. (IMPRINT) | |
| Place of publication, distribution, etc. | Thousand Oaks, Calif. ; |
| -- | London : |
| Name of publisher, distributor, etc. | Sage Publications, |
| Date of publication, distribution, etc. | c2002. |
| 300 ## - PHYSICAL DESCRIPTION | |
| Pagination | x, 606 p. ; |
| Size | 26 cm. |
| 504 ## - BIBLIOGRAPHY, ETC. NOTE | |
| Bibliography, etc | Includes bibliographical references and index. |
| 650 #0 - SUBJECT ADDED ENTRY--TOPICAL TERM | |
| Topical term or geographic name as entry element | Intercultural communication. |
| 9 (RLIN) | 170256 |
| 700 1# - ADDED ENTRY--PERSONAL NAME | |
| Personal name | Gudykunst, William B. |
| Personal name | Mody, Bella. |
| 942 ## - ADDED ENTRY ELEMENTS (KOHA) | |
| Source of classification or shelving scheme | Dewey Decimal Classification |
| Koha item type | Books |
| Lost status | Source of classification or shelving scheme | Damaged status | Not for loan | Collection code | Permanent Location | Current Location | Shelving location | Date acquired | Source of acquisition | Cost, normal purchase price | Total Checkouts | Full call number | Date last seen | Copy number | Koha item type |
|---|---|---|---|---|---|---|---|---|---|---|---|---|---|---|---|
| Dewey Decimal Classification | Not For Loan | Non-fiction | Central Library, University of Rajshahi | Central Library, University of Rajshahi | Reading Room | 25/04/2009 | Paragon Enterprises Dhaka | 135.00 | 302.2 HAN 2002 | 10/12/2016 | C-1 | Books |